| 000 | 01324cam a22002054a 4500 | ||
|---|---|---|---|
| 005 | 20250605164134.0 | ||
| 008 | 250528s ||||||||||||||||||||||||d | ||
| 035 | _a18672 | ||
| 040 |
_aGR-AtMCL _bgre _dGR-AtMCL _eAACR2 |
||
| 245 | 1 | _aGW Basic / Θεωρία και Εφαρμογές | |
| 250 | _a1η | ||
| 260 |
_bΝέων Τεχνολογιών, _c1990 |
||
| 300 | _a352 | ||
| 520 | _aΤο βιβλίο προσφέρει σπουδαίες δυνατότητες στον προγραμματισμό των υπολογιστών. Πρόλογος, Η Θεωρία, Εισαγωγή, Σταθερές, Μεταβλητές, Τελεστές, Εισαγωγή στις Συναρτήσεις, Διακλαδώσεις, Εκφράσεις, Αρχεία, Γραφικά, Οι Εφαρμογές, Βασικά Μαθηματικά, Διανύσματα - Πίνακες, Εξισώσεις - Συστήματα, Οικονομικά Προβλήματα, Επιχειρησιακή Έρευνα, Τεχνικές Εφαρμογές, Ταξινόμηση - Σύζευξη, Αναζήτηση, Δομές Δεδομένων, Βιβλιογραφία, Ευρετήριο. | ||
| 700 | 1 |
_aΚοίλιας Χρήστος _9799 |
|
| 700 | 1 |
_aΤομαράς Αλ _94940 |
|
| 942 | _cBK | ||
| 999 |
_c4017 _d4017 |
||